[Event "Sparkassen Open"]
[Site "Oberhausen"]
[Date "2011.04.24"]
[Round "4.8"]
[White "Harff, Wilfried"]
[Black "Buschmann, Andreas"]
[Result "1/2-1/2"]
[WhiteElo "2175"]
[BlackElo "2084"]
[PlyCount "141"]
[EventDate "2011.??.??"]
[WhiteTeam "SG Hochneukirch"]
[BlackTeam "SV Horst-Emscher 31"]

1. e4 c5 2. Nc3 Nc6 3. f4 d6 4. Bb5 Bd7 5. Nf3 g6 6. d4 cxd4 7. Nxd4 Bg7 8. Be3
Nf6 9. Nxc6 Bxc6 10. Bxc6+ bxc6 11. O-O O-O 12. h3 Qa5 13. Qd3 Rab8 14. Rfb1
Nd7 15. Bd2 Nc5 16. Qe2 Ne6 17. Kh1 Rb7 18. a3 Rfb8 19. Re1 Rxb2 20. Nd5 Qd8
21. Nb4 R2xb4 22. axb4 Bxa1 23. Rxa1 Qd7 24. Qf2 c5 25. c3 cxb4 26. Rxa7 Qc6
27. f5 Nc7 28. cxb4 Rb7 29. fxg6 hxg6 30. Ra1 f6 31. Qe2 Kf7 32. Rc1 Qb5 33.
Qe3 Ne6 34. Qb3 Qe5 35. Re1 Qh5 36. Kh2 Rb5 37. Qc4 Rb8 38. Re3 Qb5 39. Qb3 Rd8
40. Rd3 Rc8 41. Rg3 Qe2 42. Qd5 Rb8 43. Re3 Qb5 44. Qb3 Rd8 45. Be1 Rc8 46. Qd1
Ra8 47. Qg4 Qe5+ 48. Bg3 Qd4 49. Bf2 Qxb4 50. Rg3 Rg8 51. Qf3 Qb5 52. Rg4 Qh5
53. Qb3 Rh8 54. Rh4 Qxh4 55. Bxh4 Rxh4 56. g4 Rh8 57. Kg3 g5 58. Kf2 Rc8 59.
Ke2 Rc5 60. Qb8 Re5 61. Qh8 Rxe4+ 62. Kd2 Nc5 63. Qh7+ Ke8 64. Qf5 Rf4 65. Qg6+
Kd7 66. Qg8 Ne4+ 67. Ke3 Nf2 68. Qh8 d5 69. Qa8 d4+ 70. Kd2 Nxh3 71. Qd5+
1/2-1/2

[Event "Sparkassen Open"]
[Site "Oberhausen"]
[Date "2011.04.24"]
[Round "4.10"]
[White "Hort, Vlastimil"]
[Black "Rohovoy, Dmitrij"]
[Result "1-0"]
[WhiteElo "2469"]
[BlackElo "2041"]
[PlyCount "48"]
[EventDate "2011.??.??"]
[WhiteTeam "Oberhausener SV 1887"]
[BlackTeam "SK Recklinghausen Altstadt"]

1. d4 Nf6 2. Nf3 e6 3. c4 d5 4. Nc3 Be7 5. cxd5 exd5 6. Bg5 O-O 7. e3 Nbd7 8.
Qc2 c6 9. Bd3 Re8 10. O-O-O b5 11. Ne5 Nxe5 12. dxe5 Ng4 13. Bxh7+ Kf8 14. Bf4
Bb4 15. Ne4 Qa5 16. Nd6 Bxd6 17. exd6 Qxa2 18. d7 Bxd7 19. Bd6+ Re7 20. Bf5
Bxf5 21. Qxf5 Qa1+ 22. Kc2 Qa4+ 23. Kb1 Nf6 24. Rd4 Qb3 1-0

[Event "Sparkassen Open"]
[Site "Oberhausen"]
[Date "2011.04.24"]
[Round "5.2"]
[White "Fridman, Daniel"]
[Black "Coenen, Michael"]
[Result "1-0"]
[WhiteElo "2661"]
[BlackElo "2334"]
[PlyCount "57"]
[EventDate "2011.??.??"]
[WhiteTeam "SV Mülheim-Nord 1931"]
[BlackTeam "SG Porz"]

1. d4 Nf6 2. c4 g6 3. Nc3 d5 4. Nf3 Bg7 5. cxd5 Nxd5 6. e4 Nxc3 7. bxc3 O-O 8.
Be3 c5 9. Qd2 Qa5 10. Rc1 Bg4 11. d5 Rd8 12. Bd3 e6 13. c4 Qa3 14. Ng5 exd5 15.
cxd5 b6 16. O-O Nc6 17. Bb5 Nb4 18. Bc4 h6 19. Nxf7 Kxf7 20. Bxh6 Qb2 21. Qe3
Bxh6 22. Qxh6 Qe5 23. Qh7+ Kf6 24. Qh4+ Qg5 25. e5+ Kf5 26. Qh7 Ke4 27. h4 Qh5
28. Qg7 Bf5 29. Rfe1+ 1-0

[Event "Sparkassen Open"]
[Site "Oberhausen"]
[Date "2011.04.24"]
[Round "5.3"]
[White "Podzielny, Karl-Heinz"]
[Black "Kaufeld, Jürgen"]
[Result "1/2-1/2"]
[WhiteElo "2455"]
[BlackElo "2260"]
[PlyCount "70"]
[EventDate "2011.??.??"]
[WhiteTeam "SV Letmathe 1933"]
[BlackTeam "SV Mülheim-Nord 1931"]

1. Nf3 d5 2. b3 Nf6 3. Bb2 c6 4. c4 Bf5 5. g3 e6 6. Bg2 h6 7. O-O Be7 8. d3 O-O
9. Nbd2 Bh7 10. a3 a5 11. Rc1 Nbd7 12. Rc2 Bd6 13. Qa1 Qe7 14. Bh3 Rfe8 15. Re1
e5 16. cxd5 cxd5 17. Nh4 e4 18. dxe4 dxe4 19. e3 Be5 20. Rd1 Bxb2 21. Qxb2 Ne5
22. Nf5 Bxf5 23. Bxf5 Rad8 24. Qa1 g6 25. Bh3 Rd5 26. Nc4 Rxd1+ 27. Qxd1 Nxc4
28. bxc4 Qxa3 29. Qd4 Qe7 30. c5 Qe5 31. Rb2 Qxd4 32. exd4 Re7 33. Bc8 a4 34.
Ra2 Rc7 35. Bh3 b6 1/2-1/2

[Event "Sparkassen Open"]
[Site "Oberhausen"]
[Date "2011.04.24"]
[Round "5.5"]
[White "van Assendelft, Floris"]
[Black "Heidel, Andre Nicolas"]
[Result "1-0"]
[WhiteElo "2356"]
[BlackElo "2170"]
[PlyCount "97"]
[EventDate "2011.??.??"]
[WhiteTeam "SC Klein-Berlin Rheine 1923"]
[BlackTeam "Ratinger SK 1950"]

1. e4 e6 2. d4 d5 3. e5 c5 4. c3 Nc6 5. Nf3 Nh6 6. Bxh6 gxh6 7. Be2 Bg7 8. O-O
O-O 9. Na3 cxd4 10. cxd4 f6 11. exf6 Qxf6 12. Nc2 Bd7 13. Bb5 Be8 14. Bxc6 bxc6
15. Qd2 c5 16. Rfe1 Bg6 17. Ne5 Bxc2 18. Qxc2 Qf5 19. Qxf5 Rxf5 20. Nf3 cxd4
21. Rxe6 d3 22. Rd1 Rc8 23. Kf1 Rc2 24. Rxd3 Rxb2 25. Ra6 Rf7 26. g3 Bf8 27.
Rd2 Rxd2 28. Nxd2 Bc5 29. f4 Bb6 30. Ra3 Rc7 31. Ke2 Kf7 32. Rd3 Rc2 33. Rxd5
Rxa2 34. Kd3 Bg1 35. g4 Bxh2 36. f5 Ra3+ 37. Ke4 Ra4+ 38. Kf3 Ra3+ 39. Ke4 Ra4+
40. Kf3 Ra3+ 41. Kg2 Bf4 42. Ne4 Re3 43. Rd7+ Kf8 44. Nf6 Bg5 45. Nxh7+ Ke8 46.
Rxa7 Bh4 47. Rg7 Re7 48. Rg8+ Kf7 49. Ra8 1-0

[Event "Sparkassen Open"]
[Site "Oberhausen"]
[Date "2011.04.24"]
[Round "5.6"]
[White "Knol, Geon"]
[Black "Hort, Vlastimil"]
[Result "1-0"]
[WhiteElo "2101"]
[BlackElo "2469"]
[PlyCount "77"]
[EventDate "2011.??.??"]
[WhiteTeam "Sissa Groningen"]
[BlackTeam "Oberhausener SV 1887"]

1. e4 c5 2. Nc3 Nc6 3. g3 g6 4. Bg2 Bg7 5. d3 e6 6. Be3 Nd4 7. Qd2 Ne7 8. Nd1
e5 9. c3 Ne6 10. Bh6 O-O 11. Bxg7 Kxg7 12. Nh3 d5 13. Ne3 dxe4 14. dxe4 Qxd2+
15. Kxd2 Rd8+ 16. Kc2 b6 17. Rad1 Bd7 18. f4 exf4 19. gxf4 Rac8 20. Rhf1 f6 21.
f5 Nd4+ 22. Kb1 Ndc6 23. Nc4 b5 24. Nd6 Rb8 25. Nf4 Ne5 26. h4 Rb6 27. Bh3 Kf8
28. Rg1 b4 29. cxb4 cxb4 30. b3 a5 31. Rg2 a4 32. Rgd2 axb3 33. axb3 Kg7 34.
Nc4 Nxc4 35. bxc4 Rb7 36. fxg6 Bxh3 37. Rxd8 Bg4 38. Rg1 Bf3 39. Ne6+ 1-0

[Event "Sparkassen Open"]
[Site "Oberhausen"]
[Date "2011.04.24"]
[Round "5.7"]
[White "Buschmann, Andreas"]
[Black "Kummerow, Heiko"]
[Result "0-1"]
[WhiteElo "2084"]
[BlackElo "2321"]
[PlyCount "110"]
[EventDate "2011.??.??"]
[WhiteTeam "SV Horst-Emscher 31"]
[BlackTeam "Recklinghäuser SG Läufer Ost"]

1. d4 Nf6 2. Nf3 g6 3. c4 Bg7 4. Nc3 O-O 5. e4 d6 6. Be2 c5 7. h3 cxd4 8. Nxd4
Nc6 9. Be3 Bd7 10. O-O Nxd4 11. Bxd4 Bc6 12. f3 a5 13. Nd5 Nd7 14. Bxg7 Kxg7
15. Qd4+ e5 16. Qd2 Bxd5 17. cxd5 Qb6+ 18. Kh2 Rfc8 19. Rac1 Qb4 20. Qxb4 axb4
21. Bc4 Ra5 22. Bb3 Rac5 23. Rxc5 Rxc5 24. Kg3 f5 25. Kf2 Rc8 26. Kg3 f4+ 27.
Kf2 Kf6 28. h4 Nc5 29. Rg1 Rg8 30. Ke2 g5 31. hxg5+ Rxg5 32. Bc2 Rg8 33. Kf2
Ra8 34. Bb3 Rc8 35. Ke2 h5 36. Rc1 Kg5 37. Rc4 Kh4 38. Rxb4 Kg3 39. Rb6 Nxb3
40. axb3 Rc2+ 41. Kd3 Rxg2 42. Rxd6 Kxf3 43. Re6 Rg1 44. Rxe5 Rd1+ 45. Kc2 Rd4
46. Kc3 Ke3 47. Re7 f3 48. Rxb7 f2 49. Rf7 Rd1 50. Kc4 Rc1+ 51. Kb5 f1=Q+ 52.
Rxf1 Rxf1 53. e5 Kd4 54. d6 Kxe5 55. d7 Rd1 0-1

[Event "Sparkassen Open"]
[Site "Oberhausen"]
[Date "2011.04.24"]
[Round "5.8"]
[White "Matzat, Andre"]
[Black "Graw, Christopher"]
[Result "1/2-1/2"]
[WhiteElo "2075"]
[BlackElo "2257"]
[PlyCount "30"]
[EventDate "2011.??.??"]
[WhiteTeam "SC Weiße Dame Borbeck 25"]
[BlackTeam "SK Herne-Sodingen 1924"]

1. d4 d6 2. Nf3 Bg4 3. c4 Nd7 4. Nc3 e5 5. g3 c6 6. Bg2 Ngf6 7. O-O Be7 8. h3
Bh5 9. Nh4 Bg6 10. Nxg6 hxg6 11. e3 Qc7 12. b4 O-O 13. a4 d5 14. cxd5 Bxb4 15.
Qb3 a5 1/2-1/2

[Event "Sparkassen Open"]
[Site "Oberhausen"]
[Date "2011.04.24"]
[Round "5.9"]
[White "Harff, Marcel"]
[Black "Naundorf, Maik"]
[Result "1/2-1/2"]
[WhiteElo "2203"]
[BlackElo "2131"]
[PlyCount "60"]
[EventDate "2011.??.??"]
[WhiteTeam "SG Hochneukirch"]
[BlackTeam "SC Königsspringer Hagen/Wetter"]

1. d4 Nf6 2. Nf3 g6 3. Nbd2 c5 4. c3 d6 5. b4 cxb4 6. cxb4 Qb6 7. a3 Bg7 8. e3
O-O 9. Bd3 Nc6 10. Bb2 Bg4 11. Qb1 Rac8 12. O-O Rfe8 13. Rc1 Bxf3 14. Nxf3 d5
15. Bc3 Qd8 16. a4 Nd7 17. Qb3 e6 18. a5 Bf8 19. a6 b6 20. Bb5 Re7 21. Bd2 Ndb8
22. Rc2 Rec7 23. Rac1 Bd6 24. Ne1 Ne7 25. Nd3 Rxc2 26. Rxc2 Rxc2 27. Qxc2 Qc7
28. Qxc7 Bxc7 29. f3 Nf5 30. Ne5 Nd6 1/2-1/2

[Event "Sparkassen Open"]
[Site "Oberhausen"]
[Date "2011.04.24"]
[Round "5.10"]
[White "Heimsoth, Sven-Holger"]
[Black "Aulich, Marcell"]
[Result "1/2-1/2"]
[WhiteElo "2178"]
[BlackElo "2111"]
[PlyCount "47"]
[EventDate "2011.??.??"]
[WhiteTeam "SV Mülheim-Nord 1931"]
[BlackTeam "SV Horst-Emscher 31"]

1. d4 d5 2. Nf3 Nf6 3. e3 c6 4. Bd3 Bg4 5. b3 Ne4 6. O-O e6 7. Bb2 Bd6 8. Be2
O-O 9. Nbd2 Qc7 10. h3 Nxd2 11. Nxd2 Bf5 12. c4 Qe7 13. Bg4 Bd3 14. Re1 Nd7 15.
Be2 Bg6 16. Nf3 Ba3 17. Qc1 Bd6 18. Qd1 Ba3 19. Bc3 b6 20. Bd3 dxc4 21. bxc4
Bd6 22. e4 e5 23. Qa4 Rfc8 24. c5 1/2-1/2

[Event "Sparkassen Open"]
[Site "Oberhausen"]
[Date "2011.04.25"]
[Round "6.1"]
[White "Hausrath, Daniel"]
[Black "Fridman, Daniel"]
[Result "1/2-1/2"]
[WhiteElo "2527"]
[BlackElo "2661"]
[PlyCount "23"]
[EventDate "2011.??.??"]
[WhiteTeam "SV Mülheim-Nord 1931"]
[BlackTeam "SV Mülheim-Nord 1931"]

1. Nf3 Nf6 2. g3 g6 3. b3 Bg7 4. Bb2 b6 5. Bg2 Bb7 6. O-O O-O 7. c4 c5 8. Nc3
Nc6 9. d4 Nxd4 10. Nxd4 Bxg2 11. Kxg2 cxd4 12. Qxd4 1/2-1/2

[Event "Sparkassen Open"]
[Site "Oberhausen"]
[Date "2011.04.25"]
[Round "6.2"]
[White "Podzielny, Karl-Heinz"]
[Black "Levin, Felix"]
[Result "1/2-1/2"]
[WhiteElo "2455"]
[BlackElo "2476"]
[PlyCount "86"]
[EventDate "2011.??.??"]
[WhiteTeam "SV Letmathe 1933"]
[BlackTeam "SV Mülheim-Nord 1931"]

1. Nf3 Nf6 2. g3 b6 3. Bg2 Bb7 4. O-O c5 5. d3 e6 6. e4 d6 7. Re1 Be7 8. Nbd2
Nc6 9. a3 O-O 10. Rb1 Nd7 11. h4 Rc8 12. Nf1 b5 13. h5 a5 14. Ne3 Nd4 15. Nd2
a4 16. f4 Nb6 17. c3 Nc6 18. Qg4 Qd7 19. Rf1 f5 20. Qe2 d5 21. exd5 exd5 22. g4
fxg4 23. Qxg4 Qxg4 24. Nxg4 Rce8 25. b3 axb3 26. Rxb3 Ba6 27. Ne5 Nxe5 28. fxe5
c4 29. dxc4 dxc4 30. Rxf8+ Bxf8 31. Rb1 Rxe5 32. h6 Na4 33. Nf3 Bc5+ 34. Kf1
Rf5 35. Bd2 Bxa3 36. Re1 Bb7 37. Kf2 gxh6 38. Re8+ Rf8 39. Re5 Nc5 40. Ke2 Rf6
41. Be3 Na4 42. Bd4 Bc6 43. Rxb5 Rxf3 1/2-1/2

[Event "Sparkassen Open"]
[Site "Oberhausen"]
[Date "2011.04.25"]
[Round "6.3"]
[White "Becker, Marcel"]
[Black "Ciornei, Dragos"]
[Result "1-0"]
[WhiteElo "2387"]
[BlackElo "2137"]
[PlyCount "73"]
[EventDate "2011.??.??"]
[WhiteTeam "Oberhausener SV 1887"]
[BlackTeam "SV Horst-Emscher 31"]

1. d4 Nf6 2. Nf3 g6 3. c4 Bg7 4. Nc3 O-O 5. e4 d6 6. h3 e5 7. d5 Na6 8. Bg5 h6
9. Be3 Nc5 10. Nd2 a5 11. g4 Ne8 12. h4 Bd7 13. g5 h5 14. Be2 c6 15. Nf1 cxd5
16. cxd5 Rb8 17. a4 Nc7 18. Nd2 b5 19. Bxc5 dxc5 20. axb5 Nxb5 21. Nxb5 Bxb5
22. Bxb5 Rxb5 23. Nc4 f6 24. Rg1 f5 25. f3 fxe4 26. fxe4 Rf4 27. Qe2 Rb4 28.
O-O-O Qd7 29. d6 Rf8 30. Rg3 Qa4 31. Rc3 Rd8 32. Kb1 Qb5 33. Qc2 Bf8 34. Rd5
Qb8 35. Rxe5 Bg7 36. Re7 Bxc3 37. Qxc3 1-0

[Event "Sparkassen Open"]
[Site "Oberhausen"]
[Date "2011.04.25"]
[Round "6.5"]
[White "Harff, Wilfried"]
[Black "Kummerow, Heiko"]
[Result "0-1"]
[WhiteElo "2175"]
[BlackElo "2321"]
[PlyCount "54"]
[EventDate "2011.??.??"]
[WhiteTeam "SG Hochneukirch"]
[BlackTeam "Recklinghäuser SG Läufer Ost"]

1. e4 e6 2. Qe2 c5 3. Nf3 Nc6 4. g3 d6 5. Bg2 g6 6. O-O Bg7 7. d3 Nge7 8. h4 h5
9. c3 O-O 10. Rd1 Qc7 11. Nbd2 b6 12. Nc4 Ba6 13. Bf4 Ne5 14. b3 Rad8 15. Rac1
Nxf3+ 16. Bxf3 b5 17. Nd2 Nc6 18. g4 b4 19. gxh5 bxc3 20. Nc4 Nd4 21. Qe3 e5
22. Bh2 c2 23. Rf1 Kh7 24. Bg4 Bc8 25. Qg3 Bh6 26. Ne3 gxh5 27. Bxh5 Rg8 0-1

[Event "Sparkassen Open"]
[Site "Oberhausen"]
[Date "2011.04.25"]
[Round "6.8"]
[White "Graw, Christopher"]
[Black "König, Christian"]
[Result "1/2-1/2"]
[WhiteElo "2257"]
[BlackElo "2106"]
[PlyCount "60"]
[EventDate "2011.??.??"]
[WhiteTeam "SK Herne-Sodingen 1924"]
[BlackTeam "SC 1919 Siegburg"]

1. d4 e6 2. Bf4 b6 3. e4 Bb7 4. Nd2 Nf6 5. Bd3 c5 6. c3 Be7 7. Ne2 Nc6 8. a3 d6
9. Bg3 Nh5 10. f3 Nxg3 11. hxg3 h6 12. Rc1 a6 13. Bb1 Bf6 14. Nb3 Qc7 15. Kf2
g5 16. Qd2 O-O-O 17. Qe3 Be7 18. g4 Rdf8 19. Rh5 Bf6 20. Nd2 Ne7 21. Bd3 Kb8
22. b4 Bg7 23. bxc5 dxc5 24. dxc5 Qxc5 25. Qxc5 bxc5 26. Rb1 Ka7 27. Nc4 Rd8
28. Bc2 Bc6 29. a4 Rhf8 30. Ne3 Ng6 1/2-1/2

[Event "Sparkassen Open"]
[Site "Oberhausen"]
[Date "2011.04.25"]
[Round "6.9"]
[White "Aulich, Marcell"]
[Black "Harff, Marcel"]
[Result "0-1"]
[WhiteElo "2111"]
[BlackElo "2203"]
[PlyCount "52"]
[EventDate "2011.??.??"]
[WhiteTeam "SV Horst-Emscher 31"]
[BlackTeam "SG Hochneukirch"]

1. e4 e6 2. d4 d5 3. Nd2 Nf6 4. e5 Nfd7 5. c3 c5 6. f4 b6 7. Ndf3 Ba6 8. Bxa6
Nxa6 9. a3 c4 10. f5 exf5 11. Nh3 Nc7 12. O-O h6 13. Qc2 g6 14. Nf4 Rg8 15. b3
b5 16. a4 Nb6 17. a5 cxb3 18. axb6 bxc2 19. bxc7 Qd7 20. e6 fxe6 21. Re1 Bd6
22. Nxe6 Kf7 23. Bxh6 Rge8 24. Ra6 Kg8 25. Nfg5 Qxc7 26. Nf3 f4 0-1

[Event "Sparkassen Open"]
[Site "Oberhausen"]
[Date "2011.04.25"]
[Round "6.10"]
[White "Naundorf, Maik"]
[Black "Heimsoth, Sven-Holger"]
[Result "1/2-1/2"]
[WhiteElo "2131"]
[BlackElo "2178"]
[PlyCount "23"]
[EventDate "2011.??.??"]
[WhiteTeam "SC Königsspringer Hagen/Wetter"]
[BlackTeam "SV Mülheim-Nord 1931"]

1. g3 d6 2. Bg2 e5 3. c4 g6 4. Nc3 Bg7 5. d3 Nc6 6. e4 Nge7 7. Nge2 O-O 8. O-O
Be6 9. Nd5 Qd7 10. Be3 f5 11. Qd2 Rf7 12. f3 1/2-1/2